特急しなののルートの駅 - Statistics

General Stats
  • This quiz has been taken 13 times
  • The average score is 27 of 58
Answer Stats
ナンバリング しなの停車 Answer % Correct
CF00 名古屋
100%
SN06 松本
100%
SE13 長野
100%
CF01 金山
92%
CF12 多治見
92%
CF19 中津川
92%
CF03 千種
83%
SN15/SE09 篠ノ井
83%
CF02 鶴舞
75%
CF04 大曽根
75%
CF09 高蔵寺
75%
CF11 古虎渓
75%
CF13 土岐市
75%
CF23 南木曽
75%
SN01 塩尻
75%
CF05 新守山
67%
CF06 勝川
67%
CF07 春日井
67%
CF08 神領
67%
CF17 恵那
67%
CF30 木曽福島
67%
CF10 定光寺
58%
CF14 瑞浪
58%
CF18 美乃坂本
58%
CF29 上松
58%
SN05 南松本
58%
SN11 聖高原
58%
SN08 明科
50%
SN13 姨捨
50%
CF15 釜戸
42%
CF16 武並
42%
- 坂下
42%
- 洗馬
33%
SE11 川中島
33%
- 落合川
25%
- 田立
25%
- 大桑
25%
- 奈良井
25%
SN03 村井
25%
SN12 冠着
25%
SE12 安茂里
25%
- 野尻
17%
- 木曽平沢
17%
SN02 広丘
17%
SN04 平田
17%
SN07 田沢
17%
SN14 稲荷山
17%
SE10 今井
17%
- 十二兼
8%
- 須原
8%
- 倉本
8%
- 原野
8%
- 宮ノ越
8%
- 藪原
8%
- 贄川
8%
- 日出塩
8%
SN09 西条
8%
SN10 坂北
8%
No matching quizzes found
Score Distribution
Percent of People with Each Score
Percentile by Number Answered
Your Score History
You have not taken this quiz